000 00898nam a22002177a 4500
999 _c11668
_d11668
003 AR-CdUCM
008 190404b ||||| |||| 00| 0 spa d
040 _aMUNICIPALIDAD PROVINCIAL DEL CUSCO
_cBIBLIOTECA MUNICIPAL DEL CUSCO
082 _a330 /
_bC82 / 1874
100 _aCourcelle-Seneuil, Jean Gustave,
_926119
245 _aTratado sumario de economía política /
260 _aParis :
_bLibreia de A. Bouret e hijo,
_c1874.
300 _a285 paginas ;
_c15 cm.
505 _aContenido :De la formación de las riquezas -- El material y la industria -- Arte y trabajo -- De los movimientos de la población en sus relaciones con la riqueza -- Ley de la población -- De la apropiación de las riquezas...
650 _aRiqueza
_94060
650 _aProducción
_91785
650 _aCapitales fijos
_929146
650 _aLey de la renta
_929147
942 _2ddc
_cLIBROS
945 _awnts